000 00301nam a2200145Ia 4500
100 _aHalladay S/ Resnick/R
250 _a2
942 _cBK
654 _aPhysics
245 _aPhysics II
260 _bWILEY EASTERN LIMITED
_aNew Delhi
_c1962
300 _a1214
546 _aENGLISH
999 _c26176
_d26176